000 00424nam a2200157Ia 4500
003 OSt
005 20230529162531.0
008 211028s2015 xx 000 0 und d
040 _cAIMIT LIBRARY
041 _aeng
100 _aYende, Balkrishna B; D'Souza, Manibhushan.
_98614
_e131930
110 _aManibhushan D'Souza
_98615
245 _aIssue management system - ISM.
260 _aMangalore
_c2015
942 _2ddc
_cPRO
999 _c219976
_d219976